Apartment Industry in Cochin: (Record no. 230309)
[ view plain ]
| 000 -LEADER | |
|---|---|
| fixed length control field | 00450nam a22001457a 4500 |
| 005 - DATE AND TIME OF LATEST TRANSACTION | |
| control field | 20240314112722.0 |
| 008 - FIXED-LENGTH DATA ELEMENTS--GENERAL INFORMATION | |
| fixed length control field | 240314b ||||| |||| 00| 0 eng d |
| 040 ## - CATALOGING SOURCE | |
| Transcribing agency | AL |
| 041 ## - LANGUAGE CODE | |
| Language code of text/sound track or separate title | eng |
| 082 ## - DEWEY DECIMAL CLASSIFICATION NUMBER | |
| Edition number | 23 |
| Classification number | 690.8 |
| Item number | APAR |
| 100 ## - MAIN ENTRY--PERSONAL NAME | |
| Personal name | Ajay George John |
| 100 ## - MAIN ENTRY--PERSONAL NAME | |
| 9 (RLIN) | 154224 |
| 245 ## - TITLE STATEMENT | |
| Title | Apartment Industry in Cochin: |
| Remainder of title | With Reference to Builders Apartment Owners and Housing Finance Companies |
| 260 ## - PUBLICATION, DISTRIBUTION, ETC. | |
| Place of publication, distribution, etc. | Mangalore |
| Name of publisher, distributor, etc. | St Aloysius College |
| Date of publication, distribution, etc. | 1995 |
| 942 ## - ADDED ENTRY ELEMENTS (KOHA) | |
| Source of classification or shelving scheme | Dewey Decimal Classification |
| Koha item type | Project Report |
| Withdrawn status | Lost status | Source of classification or shelving scheme | Damaged status | Not for loan | Collection code | Home library | Current library | Date acquired | Total Checkouts | Full call number | Barcode | Date last seen | Price effective from | Koha item type |
|---|---|---|---|---|---|---|---|---|---|---|---|---|---|---|
| Dewey Decimal Classification | Not for loan | Management | St Aloysius Library | St Aloysius Library | 06/12/1995 | 690.8 APAR | D00398 | 03/14/2024 | 03/14/2024 | Project Report |